| 000 | 00979nam a2200229 i 4500 | ||
|---|---|---|---|
| 001 | bg | ||
| 245 | 1 | 0 |
_aTechniki próżni i technologie próżniowe : _bwybrane materiały VI Krajowej Konferencji Techniki Próżni i VII Polsko-Białoruskiego Sympozjum Technologii Próżniowych / _c[red. nauk. Piotr Szwemin, Stefan Wójcicki]. |
| 260 |
_aWarszawa : _bOficyna Wydawnicza PW, _c2002. |
||
| 300 |
_a193, [1] s. : _bil. ; _c24 cm. |
||
| 490 | 1 |
_aPrace Naukowe. Elektronika / Politechnika Warszawska, _x0137-2343 ; _vz. 143 |
|
| 500 | _aTekst częściowo ang., streszcz. ang. przy ref. | ||
| 500 | _aPrace Naukowe Politechniki Warszwskiej. | ||
| 504 | _aBibliogr po ref. | ||
| 650 | 9 | _aTechnika próżniowa | |
| 655 | _aMateriały konferencyjne | ||
| 830 | 0 |
_aPrace Naukowe. Elektronika (Politechnika Warszawska) ; _vz. 143 |
|
| 040 | _cBPK | ||
| 041 | 0 |
_apoleng _beng |
|
| 080 | _a533.9:533.5:621.791/.795](061) | ||
| 942 | _cKS | ||
| 008 | s pl f |000 0 pol | ||
| 999 |
_c42856 _d42856 |
||
| 856 |
_uhttp://koha.tu.koszalin.pl/cgi-bin/koha/opac-detail.pl?biblionumber=42856 _yKatalog online BPK |
||